=LDR 00000nam 2200000 4500 =001 INLIS000000000001645 =005 20230802111841 =035 ##$$a 0010-0823000093 =007 ta =008 230802################g##########0#eng## =020 ##$$a - =082 ##$$a 611 =084 ##$$a 611 DRA a =100 #$$a Drakontides Anna B. =245 1#$$a Anatomy And Physiologi : $b Workbook and Laboratory Manual /$c Drakontides Anna B. , Miller Marjorie A. , Leavell Lutie C. =260 ##$$a New York :$b The Macmillan Company,$c 1972 =300 ##$$a ix,203 hlm : $b ilust ; $c 28cm =700 #$$a Miller Marjorie A. =700 #$$a Leavell Lutie C. =520 ##$$a this workbook and laboratory manual designed for use in undergraduate courses in anatomy and physiology =600 #4$$a ANATOMI